书目信息 |
| 题名: |
友谊
|
|
| 作者: | 葛瑞林 著 ;叶继英 译 | |
| 分册: | ||
| 出版信息: | 北京 中国人民大学出版社 2016 |
|
| 页数: | 297页 | |
| 开本: | 21cm | |
| 丛书名: | ||
| 单 册: | ||
| 中图分类: | B824.2 | |
| 科图分类: | ||
| 主题词: | 友谊--you yi--研究 | |
| 电子资源: | ||
| ISBN: | 978-7-300-22286-8 | |
| 000 | 01024nam0 22002531 450 | |
| 001 | 0119165308 | |
| 005 | 20170619165308.0 | |
| 010 | @a978-7-300-22286-8@b精装@dCNY39.00 | |
| 100 | @a20160407d2016 em y0chiy50 ea | |
| 101 | 1 | @achi@ceng |
| 102 | @aCN@b110000 | |
| 105 | @ay z 001yy | |
| 106 | @ar | |
| 200 | 1 | @a友谊@9you yi@dFriendship@f(英)A.C.葛瑞林(A. C. Grayling)著@g叶继英译@zeng |
| 210 | @a北京@c中国人民大学出版社@d2016 | |
| 215 | @a297页@d21cm | |
| 330 | @a本书作者徜徉于文学、文化、艺术和哲学关于友谊话题丰富璀璨的传统之河,以耳熟能详与新颖独特的方式展开了别有情趣的讨论。他以入木三分的洞察力发现并分析了互联网时代以及当代跨性别友谊的原因和特点,就友谊中的个体责任、人道主义理念和其他许多引起大众广泛兴趣的话题发表了自己独到而深刻的观点。 | |
| 510 | 1 | @aFriendship@zeng |
| 606 | 0 | @a友谊@9you yi@x研究 |
| 690 | @aB824.2@v5 | |
| 701 | 0 | @c(英)@a葛瑞林@9ge rui lin@c(Grayling, A. C. )@4著 |
| 702 | 0 | @a叶继英@9ye ji ying@4译 |
| 801 | 0 | @aCN@b百万庄@c20170616 |
| 905 | @b1011555-60@dB824.2@e763@f6 | |
| 友谊=Friendship/(英)A.C.葛瑞林(A. C. Grayling)著/叶继英译.-北京:中国人民大学出版社,2016 |
| 297页;21cm |
| ISBN 978-7-300-22286-8(精装):CNY39.00 |
| 本书作者徜徉于文学、文化、艺术和哲学关于友谊话题丰富璀璨的传统之河,以耳熟能详与新颖独特的方式展开了别有情趣的讨论。他以入木三分的洞察力发现并分析了互联网时代以及当代跨性别友谊的原因和特点,就友谊中的个体责任、人道主义理念和其他许多引起大众广泛兴趣的话题发表了自己独到而深刻的观点。 |
| ● |
| 相关链接 |
|
|
|
|
正题名:友谊
索取号:B824.2/763
 
预约/预借
| 序号 | 登录号 | 条形码 | 馆藏地/架位号 | 状态 | 备注 |
| 1 | 1011555 | 210115551 | 第一样本阅览室/ [索取号:B824.2/763] | 在馆 | |
| 2 | 1011556 | 210115560 | 教育系资料室/ [索取号:B824.2/763] | 在馆 | |
| 3 | 1011557 | 210115579 | 教育系资料室/ [索取号:B824.2/763] | 在馆 | |
| 4 | 1011558 | 210115588 | 教育系资料室/ [索取号:B824.2/763] | 在馆 | |
| 5 | 1011559 | 210115597 | 第一借阅区/ [索取号:B824.2/763] | 在馆 | |
| 6 | 1011560 | 210115604 | 第一借阅区/ [索取号:B824.2/763] | 在馆 |